Optical spectroscopy of lanthanides: magnetic and hyperfine interactions (Record no. 52713)

MARC details
000 -LEADER
fixed length control field 00762nam a2200205 a 4500
008 - FIXED-LENGTH DATA ELEMENTS--GENERAL INFORMATION
fixed length control field 090105s2007 ||||||||||||||||| || u
020 ## - INTERNATIONAL STANDARD BOOK NUMBER
International Standard Book Number 084937264X
050 ## - LIBRARY OF CONGRESS CALL NUMBER
Classification number QC 462.R2 Wyb
100 ## - MAIN ENTRY--PERSONAL NAME
Personal name Smenteck, Lidia
245 10 - TITLE STATEMENT
Title Optical spectroscopy of lanthanides: magnetic and hyperfine interactions
Statement of responsibility, etc. Brian G. Wybourne and Lidia Smentek
260 ## - PUBLICATION, DISTRIBUTION, ETC.
Place of publication, distribution, etc. London:
Name of publisher, distributor, etc. CRC Press
Date of publication, distribution, etc. 2007
300 ## - PHYSICAL DESCRIPTION
Extent [xvii], 333p.: ill.
350 ## - PRICE (NR) (BK AM CF MU VM SE) [OBSOLETE]
Price 0.00
650 ## - SUBJECT ADDED ENTRY--TOPICAL TERM
Topical term or geographic name entry element RARE EARTHMETALS--SPECTRA
650 #0 - SUBJECT ADDED ENTRY--TOPICAL TERM
Topical term or geographic name entry element PHYSICS
650 ## - SUBJECT ADDED ENTRY--TOPICAL TERM
Topical term or geographic name entry element IONS--SPECTRA
650 #0 - SUBJECT ADDED ENTRY--TOPICAL TERM
Topical term or geographic name entry element SPECTRUM ANALYSIS
700 ## - ADDED ENTRY--PERSONAL NAME
Personal name Wybourne, Brian G
995 ## - RECOMMENDATION 995 [LOCAL, UNIMARC FRANCE]
-- 0.00
-- CBU-MAIN LIBRARY (Kitwe)
-- 1
-- 0.00
-- 1
-- AVAILABLE
-- Feb 23, 2009
-- Annex Low-Usage Collection
Holdings
Withdrawn status Lost status Source of classification or shelving scheme Damaged status Not for loan Home library Current library Shelving location Date acquired Total Checkouts Full call number Barcode Date last seen Price effective from Koha item type
          CBU-MAIN LIBRARY, KITWE. CBU-MAIN LIBRARY, KITWE.   11/30/2022   QC 462.R2 Wyb 739535 11/30/2022 11/30/2022 MONOGRAPH